=LDR 00000nam 2200000 4500 =001 INLIS000000000017604 =005 20130612112821 =008 ***********************************Ind** =035 ##$$0010-061300000017604 =041 ##$$a Ind =082 ##$$a 633.88 =090 ##$$a 633.88, Bud t =100 ##$$a Budi, I.Mode =245 ##$$a Tanya jawab seputar buah merah, I.Mode Budi =260 ##$$a 2005 $b Jakarta =300 ##$$a 75 hlm, ilus, 21 cm =650 ##$$a Tanaman Obat =850 ##$$a NBPNMAT